The Lord of the Rings and The Hobbit Characters by LEGO Minifigure - Statistics

General Stats
  • This quiz has been taken 846 times
    562 since last reset
  • The average score is 20 of 32
Answer Stats
Picture Answer % Correct
Bilbo Baggins
98%
Gandalf the Grey
96%
Frodo Baggins
94%
Aragorn
91%
Gollum
89%
Meriadoc Brandybuck
87%
Legolas
85%
Saruman the White
85%
Gimli
84%
Boromir
83%
Peregrin Took
82%
Samwise Gamgee
80%
Thorin Oakenshield
74%
Bard the Bowman
72%
Grima Wormtongue
71%
King Theoden
69%
Azog the Defiler
65%
The Mouth of Sauron
64%
Elrond
58%
Eomer
56%
Beorn
55%
Ori
45%
The Witch-King of Angmar
42%
Nori
38%
The King of the Dead
37%
Dori
33%
Lurtz
32%
Haldir
31%
Dain Ironfoot
29%
The Master of Laketown
20%
Bain
16%
Yazneg
7%
No matching quizzes found
Score Distribution
Percent of People with Each Score
Percentile by Number Answered
Your Score History
You have not taken this quiz since the last reset